00331nam a2200145Ia 45000030006000000080041000060400015000471000017000622450026000792500006001052600039001113000006001505460012001560050017001680STCL150530s9999 xx 000 0 und d aSTCLcSTCL aTellis, G.J. aEffective Advertising a1 bResponse Books; Delhic2004aDelhi a0 aEnglish20220125170616.0